Seed Plants of Natma Taung National Park, Myanmar. (Registro nro. 20530)

Detalles MARC
000 -CABECERA
Campo de control 00887nam a22002657a 4500
005 - FECHA Y HORA DE LA ULTIMA TRANSACCION
Campo de control 20191029074447.0
008 - ELEMENTOS DE LONGITUD FIJA—INFORMACION GENERAL
Campo de control 191029b xxu||||| |||| 00| 0 spa d
020 ## - ISBN
ISBN 9788968112959
040 ## - FUENTE DE CATALOGACIÓN
Agencia catalogadora original CO-BoIAVH
Agencia transcriptora CO-BoIAVH
041 ## - IDIOMA
Código de idioma para texto/pista de sonido o título separado Inglés
044 ## - PAÍS DE PUBLICACIÓN
País de publicación Corea (Sur)
082 ## - NUMERO DE CLASIFICACION DECIMAL DEWEY
Número de clasificación 581.722
Número del ítem K13s
100 ## - ASIENTO PRINCIPAL--NOMBRE PERSONAL
9 (RLIN) 101803
Nombre personal Kang, Dae-Hyun
245 ## - MENCION DE TITULO
Título Seed Plants of Natma Taung National Park, Myanmar.
260 ## - PUBLICACION, DISTRIBUCION, ETC. (PIE DE IMPRENTA)
Lugar de publicación, distribución, etc. Incheon:
Nombre del editor, distribuidor, etc. National Institute of Biological Resources,
Fecha de publicación, distribución, etc. 2017.
300 ## - DESCRIPCION FISICA
Extensión 632 Páginas:
Otros detalles físicos fotografías y mapas,
Dimensiones 22 x 15 cm.
650 #0 - ASIENTO SECUNDARIO DE MATERIA - TERMINO TEMATICO
9 (RLIN) 27153
Término temático o nombre geográfico como elemento de entrada Plantas
Subdivisión general clasificación
Subdivisión geográfica Korea
650 #0 - ASIENTO SECUNDARIO DE MATERIA - TERMINO TEMATICO
9 (RLIN) 109
Término temático o nombre geográfico como elemento de entrada Conservación de los recursos naturales
650 #0 - ASIENTO SECUNDARIO DE MATERIA - TERMINO TEMATICO
9 (RLIN) 101802
Término temático o nombre geográfico como elemento de entrada Parque nacional
Subdivisión de forma Myanmar
Subdivisión geográfica Corea
700 ## - ASIENTO SECUNDARIO - NOMBRE PERSONAL
9 (RLIN) 101804
Nombre personal Lee, Jung-Hoon
700 ## - ASIENTO SECUNDARIO - NOMBRE PERSONAL
9 (RLIN) 101805
Nombre personal Ong, Homervergel G.
700 ## - ASIENTO SECUNDARIO - NOMBRE PERSONAL
9 (RLIN) 101806
Nombre personal Ling, Shein Man
700 ## - ASIENTO SECUNDARIO - NOMBRE PERSONAL
9 (RLIN) 101807
Nombre personal Kim, Young-Dong
942 ## - ELEMENTOS ADICIONALES (KOHA)
Sistema de clasificación Dewey Decimal Classification
Tipo de ítem Libro
Existencias
Withdrawn status Lost status Sistema de Clasificación Damaged status No para préstamo Colección Ubicación Permanente Ubicación actual Fecha de adquisición Total Checkouts Número topográfico Inventario / Código de Barras Date last seen Ejemplar Price effective from Forma de adquisición Tipo de material
    Dewey Decimal Classification     General Bogotá Bogotá 29/10/2019   LB-581.722 K13s 043646 29/10/2019 Ej.1 29/10/2019 Canje Libro